| 000 | 00437nam a2200145Ia 4500 | ||
|---|---|---|---|
| 008 | 151213s9999 xx 000 0 und d | ||
| 100 | _aJames C. Fernand, L.H. D | ||
| 245 |
_aFunk & Wagtails Standard Hand Book of Synonyms Antonyms and Preparation _cJames C. Fernand, L.H. D |
||
| 260 |
_aNew York _bFunk & Wangnall |
||
| 300 | _a3163 p. | ||
| 650 | _aEnglish | ||
| 650 | _aEnglish | ||
| 700 | _aJames C. Fernand, L.H. D | ||
| 999 |
_c2188 _d2188 |
||